000 01168nas a2200265 454500
001 1723
005 20260407193504.0
008 260407s1995####ag###########|||spa#d
003 AR-UNSa-BCEJYS
040 _aAR-UNSa-BCEJYS
_bspa
_cAR-UNSa-BCEJYS
080 _a657
_xContabilidad
245 1 0 _aContabilidad y auditoría
_pInvestigaciones en teoría contable
022 _a1515-2340
264 1 _aBuenos Aires :
_bUniversidad de Buenos Aires.Facultad de Ciencias Económicas, Sección de Investigaciones Contables
_c1995
310 _aPeriodicidad: Semestral Cambia de Director a partir del Año 22, Nº 43 por Luisa Fronti de García
505 _aContiene resultados de investigaciones realizadas por miembros de la sección, presentaciones de actividades académicas, traducciones de artículos publicados en revista especializadas en economía social
041 _aspa
942 _cSER
590 _aniveau_biblio:s niveau_hierar:1
100 1 _aBiondi, Mario
650 _aCONTABILIDAD
650 _aAuditoría
650 _aECONOMIA
856 4 1 _uhttps://biblioeco.unsa.edu.ar/pmb/images/revistas/Contabilidad y Auditor?a.jpg
_yImagen de portada
_qimage/jpeg
999 _c8388
_d8388